000 00256nam a22001217a 4500
082 _a001
_bSHA/S
100 _aSHARON BOOKS
245 _aSAMBOORNA ENJUVADI
260 _aCHERTHALA
_bSHARON BOOKS
300 _a66
650 _aMALAYALAM
_zKERALA
942 _cBK
999 _c1004
_d1004